[Event "Mogliano Veneto op-B 43th"]
[Site "Mogliano Veneto"]
[Date "2023.04.23"]
[Round "1"]
[White "Gallega, Enrico"]
[Black "Zollino, Francesco"]
[Result "0-1"]
[WhiteElo "1152"]
[BlackElo "1604"]
[PlyCount "78"]
[EventDate "2023.04.23"]
[EventType "swiss"]
[EventRounds "5"]
[EventCountry "ITA"]
[SourceTitle "EXT 2024"]
[Source "ChessBase"]
[SourceDate "2023.10.10"]
[SourceVersion "1"]
[SourceVersionDate "2023.10.10"]
[SourceQuality "1"]

1. e4 e6 2. d4 d5 3. e5 c5 4. c3 Nc6 5. Nf3 Bd7 6. a3 Rc8 7. Bb5 Nxe5 8. Qa4 Nxf3+ 9. gxf3 Bxb5 10. Qxb5+ Qd7 11. Qd3 Nf6 12. b4 cxd4 13. Qxd4 b6 14. Rg1 Rc4 15. Qe5 Bd6 16. Qe2 0-0 17. Bh6 Nh5 18. Bc1 e5 19. Kd1 Re8 20. Kc2 Qf5+ 21. Kb3 Nf4 22. Bxf4 Rxf4 23. Nd2 e4 24. fxe4 dxe4 25. Rg2 Qd5+ 26. Kb2 g6 27. Rag1 Be5 28. Nc4 Bg7 29. Ne3 Qe5 30. Rc1 a5 31. Rg4 axb4 32. axb4 Rf3 33. Nc4 Qb5 34. Rxe4 Qxb4+ 35. Ka1 Ra8+ 36. Qa2 Rxa2+ 37. Kxa2 Rxf2+ 38. Ka1 Qa4+ 39. Kb1 Qa2# 0-1